000 00976nam a22001937a 4500
003 OSt
005 20260318015126.0
008 260318b |||||||| |||| 00| 0 eng d
040 _aDWCL GS Library
_cOC
082 _aFic. T911y 1996
100 _aTwain, Mark
245 _athe young collector's illustrated classics
_b: the adventures of tom sawyer
260 _bDivision of kids book, Inc.
_cc1996
300 _a184
_billustrations
_c24cm
520 _aThe Adventures of Tom Sawyer by Mark Twain is an 1876 novel following a mischievous, imaginative boy growing up along the Mississippi River. Tom, living with Aunt Polly, tricks friends into whitewashing a fence, romances Becky Thatcher, and runs away to play pirate. After witnessing a murder by Injun Joe and discovering treasure with Huckleberry Finn, Tom matures into a local hero.
546 _aEnglish
700 _aMark Twain
942 _2ddc
_cFIC.
_hFic. T911y 1996
_n0
999 _c9257
_d9257